000 00692nam a2200193 a 4500
001 000043372
005 20201002040845.0
008 140311s1989 sp af 001 0 spa d
020 _a8472324826
040 _aDO-SdBNP
_bspa
_cBNPHU
100 1 _aManzano Manzano, Juan
_934860
245 1 0 _aCristóbal Colón :
_bsiete años decisivos de su vida 1485-1492 /
_cJuan Manzano Manzano.
250 _a2a. ed.
260 _aMadrid, :
_bAgencia Española de Cooperación Internacional,
_c1989.
300 _a612 p. :
_bil., lam. ;
_c26 cm.
500 _aIncluye notas a pie de páginas
500 _aIncluye índice de láminas
500 _aIncluye índice onómastico, toponímico y bibliográfico
999 _c42861
_d42861